Koodathaikal nadaan cherukuzhikal mathiyakum (Record no. 61884)
[ view plain ]
| 000 -LEADER | |
|---|---|
| fixed length control field | 00313nam a2200133Ia 4500 |
| 100 ## - MAIN ENTRY--AUTHOR NAME | |
| Personal name | Joseph P |
| 245 #0 - TITLE STATEMENT | |
| Title | Koodathaikal nadaan cherukuzhikal mathiyakum |
| 260 ## - PUBLICATION, DISTRIBUTION, ETC. (IMPRINT) | |
| Name of publisher | Rubber |
| Year of publication | 2012 |
| 300 ## - PHYSICAL DESCRIPTION | |
| Number of Pages | 35 |
| 700 ## - ADDED ENTRY--PERSONAL NAME | |
| Personal name | Jessy M D |
| 700 ## - ADDED ENTRY--PERSONAL NAME | |
| Personal name | Pradeep P |
| 942 ## - ADDED ENTRY ELEMENTS (KOHA) | |
| Koha item type | Journals |
| Withdrawn status | Lost status | Damaged status | Not for loan | Home library | Current library | Shelving location | Date acquired | Serial Enumeration / chronology | Koha item type |
|---|---|---|---|---|---|---|---|---|---|
| Journals | RRII Library | RRII Library | Agronomy | 19/06/2012 | Volume 554, Issue May | Journals |